000 00795nam a2200205Ii 4500
003 JO-AjNU
008 230605s9999||||xx |||||||||||||| ||und||
017 _a2003/11/2297
040 _aJO-AjNU
_bara
_erda
_cJO-AjNU
041 _aara
050 1 4 _aDS37.8 2003
100 3 _aالجربا، فيصل بن منيف، م. مشارك عدنان ساري الزبن,
_eauthor
_916145
245 0 0 _aالفارس الذي ترجل: الشيخ الشهيد شعلان بن منيف الفيصل الجربا
264 3 1 _aعمان: أمانة عمان الكبرى، 2003
300 _a118ص
336 _atext
_btxt
_2rdacontent
337 _aunmediated
_bn
_2rdamedia
338 _avolume
_bnc
_2rdacarrier
650 4 _aالسيرة الذاتية - تراجم - القبائل العربية
_916146
999 _aA4720
_c8288
_d8288